[Event "Baden-Baden Autumn op"]
[Site "Baden-Baden"]
[Date "2023.11.02"]
[Round "1"]
[White "Abdo, Alan"]
[Black "Hinrichs, Paul"]
[Result "0-1"]
[WhiteElo "1731"]
[BlackElo "2223"]
[PlyCount "68"]
[EventDate "2023.11.02"]
[EventType "swiss"]
[EventRounds "7"]
[EventCountry "GER"]
[SourceTitle "CB46_2023"]
[SourceDate "2023.11.15"]
[SourceVersion "1"]
[SourceVersionDate "2023.11.15"]
[SourceQuality "1"]
[WhiteTeam "Germany"]
[BlackTeam "Germany"]
[WhiteTeamCountry "GER"]
[BlackTeamCountry "GER"]

1. Nf3 d5 2. g3 Nd7 3. Bg2 e5 4. d3 Ngf6 5. 0-0 Bd6 6. Nbd2 0-0 7. e4 c6 8. Re1 Re8 9. Nf1 a5 10. c3 dxe4 11. dxe4 Nc5 12. Nh4 b6 13. Bg5 h6 14. Bxf6 Qxf6 15. Ne3 Ba6 16. Ng4 Qe6 17. Bf1 Bxf1 18. Kxf1 Rad8 19. Qe2 h5 20. Ne3 Nxe4 21. Qxh5 Qh3+ 22. Kg1 Bc5 23. Qf3 Nf6 24. Rad1 Bxe3 25. fxe3 e4 26. Qg2 Qe6 27. b4 g5 28. Kh1 Kf8 29. Rxd8 Rxd8 30. Rf1 gxh4 31. gxh4 axb4 32. cxb4 Ke7 33. a4 Rd5 34. Ra1 Qd6 0-1

[Event "Heusenstamm Schloss op"]
[Site "Heusenstamm"]
[Date "2022.11.20"]
[Round "6"]
[White "Hilbenz, Guntram"]
[Black "Abdo, Alan"]
[Result "1-0"]
[WhiteElo "1829"]
[BlackElo "1686"]
[PlyCount "90"]
[EventDate "2022.11.17"]
[EventType "swiss"]
[EventRounds "7"]
[EventCountry "GER"]
[SourceTitle "CBM 212 Extra"]
[Source "ChessBase"]
[SourceDate "2023.03.31"]
[SourceVersion "1"]
[SourceVersionDate "2023.03.31"]
[SourceQuality "1"]

1. c4 e5 2. g3 Nf6 3. Bg2 Bc5 4. Nc3 Nc6 5. e3 d6 6. a3 a5 7. Nge2 Bg4 8. h3 Bh5 9. g4 Bg6 10. d4 Bb6 11. Nd5 Ba7 12. b4 axb4 13. axb4 Ne4 14. b5 Ne7 15. Bb2 Nxd5 16. cxd5 f6 17. f3 f5 18. fxe4 Qh4+ 19. Kd2 fxe4 20. Qe1 Qe7 21. dxe5 dxe5 22. Qg3 0-0 23. Qxe5 Qxe5 24. Bxe5 c6 25. b6 Bxb6 26. Rxa8 Rxa8 27. Ra1 Rd8 28. d6 Bc5 29. Nf4 Bxd6 30. Bxd6 Rxd6+ 31. Ke2 Be8 32. Bxe4 g5 33. Nh5 Bxh5 34. gxh5 h6 35. Ra8+ Kg7 36. Ra7 Kf6 37. Rxb7 c5 38. Rc7 Ke5 39. Re7+ Kf6 40. Rc7 Ke5 41. Bf3 Rd8 42. Rxc5+ Kf6 43. Rc6+ Kg7 44. Rg6+ Kh7 45. Be4 Re8 1-0

[Event "Heusenstamm Schloss op"]
[Site "Heusenstamm"]
[Date "2022.11.18"]
[Round "3"]
[White "Abdo, Alan"]
[Black "Li, Maxim"]
[Result "0-1"]
[WhiteElo "1686"]
[BlackElo "1966"]
[PlyCount "88"]
[EventDate "2022.11.17"]
[EventType "swiss"]
[EventRounds "7"]
[EventCountry "GER"]
[SourceTitle "CBM 212 Extra"]
[Source "ChessBase"]
[SourceDate "2023.03.31"]
[SourceVersion "1"]
[SourceVersionDate "2023.03.31"]
[SourceQuality "1"]

1. e4 e6 2. d3 d5 3. Nd2 Nc6 4. Ngf3 e5 5. Be2 Be6 6. 0-0 f6 7. Nh4 Qd7 8. exd5 Qxd5 9. Nc4 Bc5 10. Bg4 0-0-0 11. Nf5 Qd7 12. Nfe3 f5 13. Be2 f4 14. Ng4 Bxc4 15. dxc4 Qxd1 16. Bxd1 h5 17. Nxe5 Nxe5 18. Bxf4 Nxc4 19. b3 Nb6 20. c4 Nf6 21. a3 Ne4 22. Bc2 Rhe8 23. Be3 Bxe3 24. fxe3 Nf6 25. Rfe1 Re5 26. Re2 a5 27. h3 a4 28. Rc1 axb3 29. Bxb3 Rd3 30. c5 Rxb3 31. cxb6 Rxb6 32. Rec2 c6 33. Rc3 Rb2 34. Re1 Kc7 35. Rd3 Rd5 36. Rxd5 cxd5 37. Rc1+ Kb6 38. Rc3 Ne4 39. Rd3 Kc5 40. h4 b5 41. Kh2 Rc2 42. Rd1 Rc3 43. Rf1 Rxe3 44. Rf7 d4 0-1